| 000 | 02253cam a2200529 i 4500 | ||
|---|---|---|---|
| 001 | xx004648475 | ||
| 003 | NUKAT | ||
| 005 | 20260414145351.0 | ||
| 008 | 190626s2019 pl a |101 0 pol c | ||
| 020 |
_a9788380985438 _q(oprawa twarda) : _czł 30,00 |
||
| 035 | _a(OCoLC)1107563960 | ||
| 035 | _a(NUKAT)xx004648475 | ||
| 040 |
_aWR U/hp _bpol _erda _cWR U/hp _dWR U/bk _dWR U/hps _dOLSZT 008/bak |
||
| 045 | 2 |
_bd1970 _bd2013 |
|
| 046 | _k2019 | ||
| 245 | 0 | 0 |
_aRozproszone archiwa NSZZ "Solidarność" : _bmateriały z konferencji, Gdańsk, 21 listopada 2013 r. / _cpod redakcją Marzeny Kruk i Łukasza Grochowskiego ; Instytut Pamięci Narodowej. Komisja Ścigania Zbrodni przeciwko Narodowi Polskiemu. |
| 260 |
_aWarszawa ; _aGdańsk : _bInstytut Pamięci Narodowej. Komisja Ścigania Zbrodni przeciwko Narodowi Polskiemu, _c2019. |
||
| 300 |
_a213 stron : _bilustracje (w tym kolorowe) ; _c25 cm. |
||
| 336 |
_aTekst _btxt _2rdacontent |
||
| 337 |
_aBez urządzenia pośredniczącego _bn _2rdamedia |
||
| 338 |
_aWolumin _bnc _2rdacarrier |
||
| 380 | _aKsiążki | ||
| 380 | _aPublikacje naukowe | ||
| 388 | 1 | _a2001- | |
| 504 | _aBibliografia na stronach 193-207. Indeks. | ||
| 610 | 2 | 7 |
_aNSZZ "Solidarność" _2DBN _936385 |
| 610 | 2 | 7 |
_aNiezależny Samorządny Związek Zawodowy "Solidarność" _xarchiwa _vkonferencje. _2kaba _940018 |
| 648 | 7 |
_a1901-2000 _2DBN _934996 |
|
| 648 | 7 |
_a1945-1989 _2DBN _936043 |
|
| 648 | 7 |
_a1989-2000 _2DBN _936156 |
|
| 648 | 7 |
_a2001- _2DBN _936393 |
|
| 650 | 7 |
_aArchiwa _2DBN _939937 |
|
| 650 | 7 |
_aZbiory archiwalne _2DBN _937406 |
|
| 651 | 7 |
_aPolska _2DBN _935076 |
|
| 651 | 7 |
_aSzwajcaria _2DBN _940017 |
|
| 655 | 7 |
_aMateriały konferencyjne _2DBN _936310 |
|
| 655 | 7 |
_aPraca zbiorowa _2DBN _935107 |
|
| 658 | _aBibliotekarstwo, archiwistyka, muzealnictwo | ||
| 658 | _aHistoria | ||
| 700 | 1 |
_aGrochowski, Łukasz _d(1988- ). _eRedakcja _940016 |
|
| 700 | 1 |
_aKruk, Marzena _c(historyk). _eRedakcja _915719 |
|
| 710 | 2 |
_aInstytut Pamięci Narodowej - Komisja Ścigania Zbrodni przeciwko Narodowi Polskiemu. _eInstytucja sprawcza _eWydawca _4pbl _911792 |
|
| 920 | _a978-83-8098-543-8 (oprawa twarda) : zł 30,00 | ||
| 942 |
_2ddc _cBK_NM |
||
| 999 |
_c27579 _d27579 |
||